000 00617nam a2200193 i 4500
001 99047
003 ES-MaACL
007 t|
008 051111q19401959sp ||||1| spa d
080 _a821.134.2-31"19"
100 1 _aOviedo, Antonia María de.
_988015
245 1 3 _aEl rosal de Magdalena
_b: bosquejo de costumbres romanas en el siglo XIX /
_cpor Antonia María de Oviedo.
260 _aMadrid :
_bApostolado de la Prensa,
_c[194-?]
300 _a411 p. ;
_c19 cm.
490 1 _aLecturas recreativas
830 0 _aLecturas recreativas
_9184328
852 _aES-MaACL
_jG-12801
_bR.136594
999 _c99047
_d99047